Statistics for Complete the Card - WCW Starrcade 1999

Click here to take the quiz!

General Stats

  • This quiz has been taken 90 times
  • The average score is 17 of 36

Answer Stats

Answer% Correct
Kevin Nash
98%
Goldberg
91%
Diamond Dallas Page
82%
Chris Benoit
81%
Jeff Jarrett
81%
David Flair
79%
Sting
79%
Booker T
77%
Bret Hart
77%
Sid Vicious
74%
Stevie Ray
68%
Lex Luger
67%
Perry Saturn
65%
Dean Malenko
63%
Norman Smiley
51%
Shane Douglas
49%
Dustin Rhodes
47%
Disco Inferno
46%
Curt Hennig
40%
Madusa
39%
Meng
32%
Evan Karagias
30%
Vampiro
30%
Asya
26%
Johnny the Bull
23%
Midnight
21%
Oklahoma
21%
Big Vito
19%
Jim Duggan
19%
Lash LeRoux
19%
Steve Williams
19%
Rick Steiner
18%
Gerald
16%
Patrick
16%
Kevin Sullivan
11%
Mike Rotunda
11%

Score Distribution

Percentile by Number Answered

Percent of People with Each Score

Your Score History

You have not taken this quiz